Perspectives in Pollution Control and Sustainable Development (Record no. 7890)

000 -LEADER
fixed length control field 00401nam a22001457a 4500
003 - CONTROL NUMBER IDENTIFIER
control field OSt
005 - DATE AND TIME OF LATEST TRANSACTION
control field 20200529104946.0
008 - FIXED-LENGTH DATA ELEMENTS--GENERAL INFORMATION
fixed length control field 200529b ||||| |||| 00| 0 eng d
020 ## - INTERNATIONAL STANDARD BOOK NUMBER
International Standard Book Number 9789350568897
082 ## - DEWEY DECIMAL CLASSIFICATION NUMBER
Classification number 628
Item number ABB
100 ## - MAIN ENTRY--PERSONAL NAME
Personal name Abbasi Tasneem
245 ## - TITLE STATEMENT
Title Perspectives in Pollution Control and Sustainable Development
260 ## - PUBLICATION, DISTRIBUTION, ETC. (IMPRINT)
Place of publication, distribution, etc India
Name of publisher, distributor, etc Discovery publshing house pvrt ltd.
Date of publication, distribution, etc 2018
942 ## - ADDED ENTRY ELEMENTS (KOHA)
Source of classification or shelving scheme
Holdings
Withdrawn status Lost status Source of classification or shelving scheme Damaged status Koha normalized classification for sorting Not for loan Permanent location Current location Date acquired Full call number Barcode Date last seen Price effective from Koha item type
        628_000000000000000_ABB   BMS College of Architecture, Design and Planning BMS College of Architecture, Design and Planning 2020-05-29 628 ABB AR-UG1370 2020-05-29 2020-05-29 UG Books
Copyright © 2025, The Librarian, Library and Information Centre, BMSCA D&P, Bengaluru. All Rights Reserved
web counter

Powered by Koha